Developments in forecast combination and portfolio choice (Record no. 148728)

MARC details
000 -LEADER
fixed length control field 00866nam a2200241Ia 4500
008 - FIXED-LENGTH DATA ELEMENTS--GENERAL INFORMATION
fixed length control field 191130s2001##################000#0#eng##
020 ## - INTERNATIONAL STANDARD BOOK NUMBER
ISBN 9780471521655
082 ## - DEWEY DECIMAL CLASSIFICATION NUMBER
Classification number 332.6 DUN
245 ## - TITLE STATEMENT
Title Developments in forecast combination and portfolio choice
Statement of responsibility, etc edited by Christian Dunis, Allan Timmermann and John Moody
260 ## - PUBLICATION, DISTRIBUTION, ETC. (IMPRINT)
Place of publication Hoboken, N.J
Name of publisher Wiley
Year of publication 2001
300 ## - PHYSICAL DESCRIPTION
Number of Pages xxvi, 315 p. : ill. ; 26 cm
500 ## - GENERAL NOTE
General note Selected proceedings from a conference held in London in June 2000. Includes bibliographical references and index
650 ## - SUBJECT ADDED ENTRY--TOPICAL TERM
Topical Term Investment analysis - Congresses
Topical Term Portfolio management - Congresses
700 ## - ADDED ENTRY--PERSONAL NAME
Personal name Dunis, Christian
Personal name Moody, John
Personal name Timmermann, Allan
991 ## -
-- 169645
Holdings
Withdrawn status Lost status Damaged status Not for loan Home library Current library Shelving location Date acquired Full call number Accession Number Price effective from Koha item type
        Anna Centenary Library Anna Centenary Library 4TH FLOOR, A WING 12.10.2020 332.6 DUN 434040 12.10.2020 English Books
        Anna Centenary Library Anna Centenary Library 4TH FLOOR, A WING 12.10.2020 332.6 DUN 434286 12.10.2020 English Books

Find us on the map